Loading...
| Science - Biology | 0 | 5 | 1 | 1 | 45 | 92 | 103.00 | 0 | 1 | 0.00 | 0.00 |
| Science - Other | 0 | 5 | 1 | 1 | 45 | 23 | 84.00 | 2 | 2 | 0.00 | 0.00 |
| Social Science | 0 | 3 | 0 | 2 | 30 | 104 | 119.00 | 0 | 0 | 0.00 | 0.00 |
| Mythology | 0 | 3 | 0 | 1 | 30 | 88 | 122.67 | 0 | 1 | 0.00 | 0.00 |
| Literature - European | 0 | 2 | 0 | 2 | 20 | 139 | 141.50 | 0 | 0 | 0.00 | 0.00 |
| Philosophy | 0 | 2 | 0 | 0 | 20 | 123 | 139.50 | 0 | 1 | 0.00 | 0.00 |
| Science - Physics | 0 | 3 | 3 | 0 | 15 | 98 | 111.67 | 0 | 2 | 0.00 | 0.00 |
| Science - Chemistry | 0 | 2 | 1 | 0 | 15 | 88 | 97.00 | 0 | 1 | 0.00 | 0.00 |
| Geography | 0 | 1 | 0 | 0 | 10 | 112 | 112.00 | 0 | 0 | 0.00 | 0.00 |
| Literature - American | 0 | 1 | 0 | 0 | 10 | 127 | 127.00 | 0 | 0 | 0.00 | 0.00 |
| Literature - British | 0 | 1 | 0 | 1 | 10 | 135 | 135.00 | 0 | 0 | 0.00 | 0.00 |
| History - American | 0 | 1 | 0 | 1 | 10 | 122 | 122.00 | 0 | 1 | 0.00 | 0.00 |
| Religion | 0 | 1 | 1 | 1 | 5 | 144 | 144.00 | 0 | 0 | 0.00 | 0.00 |
| Fine Arts - Other | 0 | 0 | 0 | 0 | 0 | 0.00 | 0 | 0 | 0.00 | 0.00 | |
| Fine Arts - Painting and Sculpture | 0 | 0 | 1 | 0 | -5 | 0.00 | 0 | 0 | 0.00 | 0.00 | |
| History - Other | 0 | 0 | 1 | 0 | -5 | 0.00 | 0 | 0 | 0.00 | 0.00 |